<The> Globalization of World Politics <An> Introduction to International Relations
Uložené v:
| Ďalší autori: | , , |
|---|---|
| Médium: | Kniha |
| Jazyk: | English |
| Vydavateľské údaje: |
New York
Oxford University Press
2017
|
| Vydanie: | 7th Edition |
| Predmet: | |
| Tagy: |
Žiadne tagy, Buďte prvý, kto otaguje tento záznam!
|
MARC
| LEADER | 00000nam a2200000 4500 | ||
|---|---|---|---|
| 001 | 0256201 | ||
| 005 | 20230109073050.4 | ||
| 020 | |a 978-0-19-873985-2 | ||
| 041 | 0 | |a eng | |
| 044 | |a US | ||
| 245 | 1 | 0 | |a <The> Globalization of World Politics |b <An> Introduction to International Relations |c John Baylis, Steve Smith, Patricia Owens |
| 250 | |a 7th Edition | ||
| 264 | 1 | |a New York |b Oxford University Press |c 2017 | |
| 300 | |a 610 s. | ||
| 610 | 2 | 0 | |a vzťahy medzinárodné |
| 610 | 2 | 0 | |a politika svetová |
| 610 | 2 | 0 | |a globalizácia |
| 610 | 2 | 0 | |a história |
| 610 | 2 | 0 | |a politika medzinárodná |
| 700 | 1 | |a Baylis, John | |
| 700 | 1 | |a Smith, Steve | |
| 700 | 1 | |a Owens, Patricia | |